El derecho humano al medio ambiente : una propuesta ecocéntrica /

Guardat en:
Dades bibliogràfiques
Autor principal: Solà Pardell, Oriol (autor)
Format: Llibre
Idioma:espanyol
Publicat: Bilbao, España : Universidad de Deusto, Instituto de Derechos Humanos Pedro Arrupe, 2022, c2022
Col·lecció:(Derechos Humanos ; 22)
Matèries:
Etiquetes: Afegir etiqueta
Sense etiquetes, Sigues el primer a etiquetar aquest registre!

MARC

LEADER 00000nam^a2200000^a^4500
001 000560007
005 20250521000000.0
009 20260310131853.27
020 |a 978-84-1325-153-0 
037 |a Acervo ITESO - Biblioteca 
041 |a ESP 
082 |a 323.  |b SOL 
100 |a Solà Pardell, Oriol  |e (autor) 
245 1 3 |a El derecho humano al medio ambiente :  |b una propuesta ecocéntrica /  |c O. Solà Pardell. 
264 4 |a Bilbao, España :  |b Universidad de Deusto, Instituto de Derechos Humanos Pedro Arrupe,  |c 2022, c2022 
300 |a 318 p. 
336 |a texto  |b txt  |2 rdacontenido 
337 |a sin mediación  |b n  |2 rdamedio 
338 |a volumen  |b nc  |2 rdasoporte 
440 1 |a (Derechos Humanos ;  |v 22) 
649 |a XX 
650 |a Cambio Climático 
650 |a Deterioro Ambiental -  |x Tema Principal 
650 |a Medio Ambiente -  |x Aspectos Jurídicos 
650 |a Naturaleza 
650 |a Ecología 
650 |a Epistemología 
650 |a Derechos Humanos -  |x Tema Principal 
650 |a Derecho Ambiental 
650 |a Derecho Constitucional 
650 |a Derecho Público 
910 |a Fondo General 
920 |a Impresos - Libros 
930 |a Colección General 
905 |a 101 
901 |a 0500396281  |b IT1  |c ACC  |i D130328  |u 20250521 
902 |a https://opac.biblio.iteso.mx/vufind/Record/000560007